LIBRARY & INFORMATION CENTRE, KCAET, TAVANUR

ONLINE PUBLIC ACCESS CATALOGUE (OPAC)

Normal view MARC view
  • Neelakanda Pillai, Karoor

Entry Personal Name

Number of records used in: 2

001 - CONTROL NUMBER

  • control field: 4758

003 - CONTROL NUMBER IDENTIFIER

  • control field: OSt

005 - DATE AND TIME OF LATEST TRANSACTION

  • control field: 20200922114014.0

008 - FIXED-LENGTH DATA ELEMENTS

  • fixed length control field: 200922|| aca||aabn | a|a d

040 ## - CATALOGING SOURCE

  • Original cataloging agency: OSt
  • Transcribing agency: OSt

100 ## - HEADING--PERSONAL NAME

  • Personal name: Neelakanda Pillai, Karoor

670 ## - SOURCE DATA FOUND

  • Source citation: Work cat.: (OSt): Neelakanda Pillai, Karoor, Karoor Kathakal
free website counter